Normal view
MARC view
Entry Personal Name
001 - CONTROL NUMBER
- control field: 10774
003 - CONTROL NUMBER IDENTIFIER
- control field: dpl
005 - DATE AND TIME OF LATEST TRANSACTION
- control field: 20100811122738.0
008 - FIXED-LENGTH DATA ELEMENTS
- fixed length control field: 100811|||a|||||| | ||| d
040 ## - CATALOGING SOURCE
- Original cataloging agency: dpl
- Transcribing agency: dpl
100 ## - HEADING--PERSONAL NAME
- Personal name: Rawat, Dinesh
670 ## - SOURCE DATA FOUND
- Source citation: Work cat.: (dpl): Rawat, Dinesh , Palms for india :, 2008
670 ## - SOURCE DATA FOUND
- Source citation: Work cat.: (dpl): Rawat, Dinesh , Palms for india :, 2008
